000 00467nam a2200157Ia 4500
008 151213s9999 xx 000 0 und d
100 _aH. J. L . Grienson G. Pullough
245 _aThe Oxford Book of Seventeenth Century Verse
_cH. J. L . Grienson G. Pullough
250 _a1st
260 _aU. K..
_bOxford At the Clarandonrence
_c1934
300 _a4566 p.
650 _aEnglish
650 _aVerse
700 _aH. J. L . Grienson G. Pullough
999 _c2940
_d2940